<?xml version="1.0" encoding="UTF-8"?>
<record
    xmlns:xsi="http://www.w3.org/2001/XMLSchema-instance"
    xsi:schemaLocation="http://www.loc.gov/MARC21/slim http://www.loc.gov/standards/marcxml/schema/MARC21slim.xsd"
    xmlns="http://www.loc.gov/MARC21/slim">

  <leader>01265nam a2200241 a 4500</leader>
  <controlfield tag="001">45256</controlfield>
  <controlfield tag="003">BD-RjUL</controlfield>
  <controlfield tag="005">20211209054003.0</controlfield>
  <controlfield tag="008">160417s2015    bg a|||| |||| 00| 0 ben d</controlfield>
  <datafield tag="020" ind1=" " ind2=" ">
    <subfield code="a">9789843393227</subfield>
    <subfield code="c">: TK. 500.00</subfield>
  </datafield>
  <datafield tag="035" ind1=" " ind2=" ">
    <subfield code="a">(BD-RjUL)45374</subfield>
  </datafield>
  <datafield tag="040" ind1=" " ind2=" ">
    <subfield code="a">BD-RjUL</subfield>
    <subfield code="b">ben</subfield>
    <subfield code="c">BD-RjUL</subfield>
    <subfield code="d">BD-RjUL</subfield>
  </datafield>
  <datafield tag="041" ind1=" " ind2=" ">
    <subfield code="a">ben</subfield>
  </datafield>
  <datafield tag="082" ind1=" " ind2=" ">
    <subfield code="2">23</subfield>
    <subfield code="a">294.59203</subfield>
    <subfield code="b">SRE 2015</subfield>
  </datafield>
  <datafield tag="245" ind1="0" ind2="0">
    <subfield code="a">&#x9B6;&#x9CD;&#x9B0;&#x9C0;&#x9B6;&#x9CD;&#x9B0;&#x9C0;&#x99A;&#x9C8;&#x9A4;&#x9A8;&#x9CD;&#x9AF;&#x99A;&#x9B0;&#x9BF;&#x9A4;&#x9BE;&#x9AE;&#x9C3;&#x9A4; &#x985;&#x9AD;&#x9BF;&#x9A7;&#x9BE;&#x9A8; /</subfield>
    <subfield code="c">&#x9A8;&#x9A8;&#x9CD;&#x9A6;&#x9B2;&#x9BE;&#x9B2; &#x9B6;&#x9B0;&#x9CD;&#x9AE;&#x9BE; &#x9B8;&#x999;&#x9CD;&#x995;&#x9B2;&#x9BF;&#x9A4; &#x993; &#x9B8;&#x9AE;&#x9CD;&#x9AA;&#x9BE;&#x9A6;&#x9BF;&#x9A4;</subfield>
  </datafield>
  <datafield tag="260" ind1=" " ind2=" ">
    <subfield code="a">&#x9B8;&#x9BF;&#x9B2;&#x9C7;&#x99F; :</subfield>
    <subfield code="b">&#x9B6;&#x9CD;&#x9B0;&#x9C0;&#x99A;&#x9C8;&#x9A4;&#x9A8;&#x9CD;&#x9AF; &#x997;&#x9AC;&#x9C7;&#x9B7;&#x9A3;&#x9BE;&#x995;&#x9C7;&#x9A8;&#x9CD;&#x9A6;&#x9CD;&#x9B0;,</subfield>
    <subfield code="c">&#x9E8;&#x9E6;&#x9E7;&#x9EB;</subfield>
  </datafield>
  <datafield tag="300" ind1=" " ind2=" ">
    <subfield code="a">[&#x9EA;], xvi, &#x9E9;&#x9EB;&#x9E6; &#x9AA;&#x9C3;. ;</subfield>
    <subfield code="c">&#x9E8;&#x9E8; &#x9B8;&#x9C7;&#x9AE;&#x9BF;.</subfield>
  </datafield>
  <datafield tag="500" ind1=" " ind2=" ">
    <subfield code="a">" &#x9B6;&#x9CD;&#x9B0;&#x9C0;&#x9B6;&#x9CD;&#x9B0;&#x9C0;&#x99A;&#x9C8;&#x9A4;&#x9A8;&#x9CD;&#x9AF;&#x99A;&#x9B0;&#x9BF;&#x9A4;&#x9BE;&#x9AE;&#x9C3;&#x9A4; &#x9B0;&#x99A;&#x9A8;&#x9BE;&#x9B0; &#x99A;&#x9BE;&#x9B0;&#x9B6;&#x9A4; &#x9AC;&#x9B0;&#x9CD;&#x9B7;&#x9AA;&#x9C2;&#x9B0;&#x9CD;&#x9A4;&#x9BF; &#x9AE;&#x9B9;&#x9CB;&#x9F1;&#x9B8;&#x9AC; &#x9B8;&#x9CD;&#x9AE;&#x9B0;&#x9A3;&#x9BE;&#x99E;&#x9CD;&#x99C;&#x9B2;&#x9BF;"</subfield>
  </datafield>
  <datafield tag="650" ind1=" " ind2=" ">
    <subfield code="a">&#x9B9;&#x9BF;&#x9A8;&#x9CD;&#x9A6;&#x9C1;&#x9A7;&#x9B0;&#x9CD;&#x9AE;</subfield>
    <subfield code="x">&#x9AA;&#x9AC;&#x9BF;&#x9A4;&#x9CD;&#x9B0; &#x997;&#x9CD;&#x9B0;&#x9A8;&#x9CD;&#x9A5;&#x9B8;&#x9AE;&#x9C2;&#x9B9;</subfield>
    <subfield code="v">&#x985;&#x9AD;&#x9BF;&#x9A7;&#x9BE;&#x9A8;</subfield>
    <subfield code="9">138628</subfield>
  </datafield>
  <datafield tag="650" ind1=" " ind2=" ">
    <subfield code="a">Hinduism</subfield>
    <subfield code="x">Sacred Books</subfield>
    <subfield code="v">Dictionaries</subfield>
    <subfield code="9">138629</subfield>
  </datafield>
  <datafield tag="700" ind1=" " ind2=" ">
    <subfield code="a">&#x9B6;&#x9B0;&#x9CD;&#x9AE;&#x9BE;, &#x9A8;&#x9A8;&#x9CD;&#x9A6;&#x9B2;&#x9BE;&#x9B2;, &#x9B8;&#x999;&#x9CD;&#x995;&#x9B2;&#x995; &#x993; &#x9B8;&#x9AE;&#x9CD;&#x9AA;&#x9BE;&#x9A6;&#x995;</subfield>
    <subfield code="9">138630</subfield>
  </datafield>
  <datafield tag="942" ind1=" " ind2=" ">
    <subfield code="2">ddc</subfield>
    <subfield code="c">REF</subfield>
  </datafield>
  <datafield tag="999" ind1=" " ind2=" ">
    <subfield code="c">45256</subfield>
    <subfield code="d">45256</subfield>
  </datafield>
  <datafield tag="952" ind1=" " ind2=" ">
    <subfield code="0">0</subfield>
    <subfield code="1">0</subfield>
    <subfield code="2">ddc</subfield>
    <subfield code="4">0</subfield>
    <subfield code="7">1</subfield>
    <subfield code="8">REF</subfield>
    <subfield code="a">RUCL</subfield>
    <subfield code="b">RUCL</subfield>
    <subfield code="c">Reference</subfield>
    <subfield code="d">2016-02-10</subfield>
    <subfield code="e">RUCL</subfield>
    <subfield code="g">500.00</subfield>
    <subfield code="l">0</subfield>
    <subfield code="o">BR 294.59203 SRE 2015</subfield>
    <subfield code="r">2016-07-25 00:00:00</subfield>
    <subfield code="t">C-1</subfield>
    <subfield code="w">2016-07-25</subfield>
    <subfield code="y">REF</subfield>
  </datafield>
</record>
